000 00447nam a2200145 4500
005 20260226112202.0
008 260226b |||||||| |||| 00| 0 eng d
020 _a0072437936
100 _aWidmaier P. Eric, Raff Hershel, Strang T. Kevin.
245 _aVander, Sherman & Luciano's Human Physiology:
_c/Eric P. Widmaier
250 _a9th edition
260 _aNew York;
_bMcGraw Hill;
_c2004
300 _axxv; 825p. ill;
_c27.5cm
942 _2lcc
_n0
_cBK
999 _c175
_d175